000 00425nam a2200169Ia 4500
001 12803
003 IN-NITTTR
005 20251114233120.0
008 251113s9999||||xx |||||||||||||| ||eng||
040 _beng
040 _cIN-NITTTR
041 _aeng
082 _a658.4034 M692O
100 _aMital, K. V.
245 0 _aOptimization methods in operations research and systems analysis /
_cMital, K. V.
942 _2ddc
_cBK
999 _c15439
_d15439